00238nam a2200109 a 4500008004100000050001500041100002100056245002100077250001200098260000900110350000900119120416s1950 xx |||||||||||||| || u aTH 145 Gee aGeeson, Alfred G10aBuilding science a2nd ed. c1950 a0.00